Proactive Coping as a Mediator in the Effect of Big Five Personality Traits on the Goal Restriction Reaction

Ciele, ktoré sme si stanovili na začiatku života, sa môžu stať nedosiahnuteľnými. Cieľom štúdie je potvrdiť prediktívnu silu osobnostných čŕt pri odpojení sa od cieľov a opätovnom zapojení sa do cieľov a určiť možný mediačný účinok proaktívneho zvládania v týchto vzťahoch. Výsledky odhalili signifik...

Ausführliche Beschreibung

Gespeichert in:
Bibliographische Detailangaben
1. Verfasser: Gživnová, Veronika
Weitere Verfasser: Kohútová, Veronika
Format: Buchkapitel
Sprache:Englisch
Schlagworte:
Tags: Tag hinzufügen
Keine Tags, Fügen Sie das erste Tag hinzu!

MARC

LEADER 00000naa a2200000 4500
001 0303386
005 20240806090037.8
041 0 |a eng 
044 |a SK 
245 1 0 |a Proactive Coping as a Mediator in the Effect of Big Five Personality Traits on the Goal Restriction Reaction  |c Veronika Gživnová, Veronika Kohútová 
520 |a Ciele, ktoré sme si stanovili na začiatku života, sa môžu stať nedosiahnuteľnými. Cieľom štúdie je potvrdiť prediktívnu silu osobnostných čŕt pri odpojení sa od cieľov a opätovnom zapojení sa do cieľov a určiť možný mediačný účinok proaktívneho zvládania v týchto vzťahoch. Výsledky odhalili signifikantný vplyv extraverzie a otvorenosti aj na opätovný vplyv svedomitosti na odklon od cieľa. Všetky boli úplne alebo čiastočne sprostredkované proaktívnym zvládaním. Reakcia na prekážky pri dosahovaní cieľov čiastočne závisí od osobnosti, a to v dôsledku jej vplyvu na využívanie proaktívneho zvládania. 
610 2 0 |a psychológia aplikovaná 
610 2 0 |a štúdie psychologické 
610 2 0 |a správanie sociálne 
610 2 0 |a sebarealizácia 
610 2 0 |a sebariadenie 
610 2 0 |a osobnosť 
100 1 |a Gživnová, Veronika 
700 1 |a Kohútová, Veronika